000 00616nam a2200193Ia 4500
003 GCL
008 140319s9999 xx 000 0 ara d
040 _aGCL /
_cGCL
082 0 4 _a247.3
_bس د
100 1 _aسيد قطب
245 1 0 _aدعوة الاخوان المسلمين وعبقرية بناء جماعتها /
_cسيد قطب
260 _a[S.N] :
_bالزهراء للاعلام العربى ،
_c1989
300 _a61 ص
490 _aورقة ثقافية
_v0
650 0 4 _aالاسلام
650 0 4 _aالفرق الاسلامية
650 0 4 _aالاخوان المسلمون
942 _2ddc
_cBK
999 _c53662
_d53662